Foreign devils, dictatorship, or institutional control : (Record no. 522549)
[ view plain ]
| 000 -LEADER | |
|---|---|
| fixed length control field | 01584cam a22003975a 4500 |
| 001 - CONTROL NUMBER | |
| control field | 13006193 |
| 003 - CONTROL NUMBER IDENTIFIER | |
| control field | NUST |
| 005 - DATE AND TIME OF LATEST TRANSACTION | |
| control field | 20181031044853.0 |
| 008 - FIXED-LENGTH DATA ELEMENTS--GENERAL INFORMATION | |
| fixed length control field | 011012s2001 sw b b 000 0 eng c |
| 010 ## - LIBRARY OF CONGRESS CONTROL NUMBER | |
| LC control number | 2002507257 |
| 020 ## - INTERNATIONAL STANDARD BOOK NUMBER | |
| International Standard Book Number | 9150614916 |
| 035 ## - SYSTEM CONTROL NUMBER | |
| System control number | (MiU)notisATL5788 |
| 035 ## - SYSTEM CONTROL NUMBER | |
| System control number | (OCoLC)48134050 |
| 035 ## - SYSTEM CONTROL NUMBER | |
| System control number | (CStRLIN)MIUGATL5788-B |
| 038 ## - RECORD CONTENT LICENSOR | |
| Staff Name | Arshad |
| 040 ## - CATALOGING SOURCE | |
| Original cataloging agency | TJC |
| Transcribing agency | TJC |
| Modifying agency | OHX |
| -- | EYM |
| -- | DLC |
| 042 ## - AUTHENTICATION CODE | |
| Authentication code | lccopycat |
| 043 ## - GEOGRAPHIC AREA CODE | |
| Geographic area code | a-cc--- |
| -- | as----- |
| 050 00 - LIBRARY OF CONGRESS CALL NUMBER | |
| Classification number | DS518.15 |
| Item number | .S9 2001 |
| 082 00 - DEWEY DECIMAL CLASSIFICATION NUMBER | |
| Classification number | 327.51059 |
| Author Mark | SWA |
| 100 1# - MAIN ENTRY--PERSONAL NAME | |
| Personal name | Swanström, Niklas. |
| 9 (RLIN) | 12484 |
| 245 10 - TITLE STATEMENT | |
| Title | Foreign devils, dictatorship, or institutional control : |
| Remainder of title | China's foreign policy towards Southeast Asia / |
| Statement of responsibility, etc. | Niklas Swanström. |
| 246 30 - VARYING FORM OF TITLE | |
| Title proper/short title | China's foreign policy towards Southeast Asia |
| 260 ## - PUBLICATION, DISTRIBUTION, ETC. | |
| Place of publication, distribution, etc. | Uppsala, Sweden: |
| Name of publisher, distributor, etc. | Uppsala University, Dept. of Peace and Conflict Research, |
| Date of publication, distribution, etc. | 2001. |
| 300 ## - PHYSICAL DESCRIPTION | |
| Extent | 197 p. : |
| Other physical details | maps ; |
| Dimensions | 24 cm. |
| 490 1# - SERIES STATEMENT | |
| Series statement | Report, |
| International Standard Serial Number | 0566-8808 ; |
| Volume/sequential designation | no. 57 |
| 500 ## - GENERAL NOTE | |
| General note | Originally presented as the author's dissertation (Ph. D.)--Uppsala University, 2001. |
| 504 ## - BIBLIOGRAPHY, ETC. NOTE | |
| Bibliography, etc. note | Includes bibliographical references (p. 170-194). |
| 651 #0 - SUBJECT ADDED ENTRY--GEOGRAPHIC NAME | |
| Geographic name | China |
| General subdivision | Foreign relations |
| Geographic subdivision | Southeast Asia. |
| 9 (RLIN) | 12515 |
| 651 #0 - SUBJECT ADDED ENTRY--GEOGRAPHIC NAME | |
| Geographic name | Southeast Asia |
| General subdivision | Foreign relations |
| Geographic subdivision | China. |
| 9 (RLIN) | 12516 |
| 651 #0 - SUBJECT ADDED ENTRY--GEOGRAPHIC NAME | |
| Geographic name | China |
| General subdivision | Politics and government |
| Chronological subdivision | 1949- |
| 9 (RLIN) | 12517 |
| 830 #0 - SERIES ADDED ENTRY--UNIFORM TITLE | |
| Uniform title | Report (Uppsala universitet. Institutionen för freds- och konfliktforskning) ; |
| Volume/sequential designation | no. 57. |
| 9 (RLIN) | 12518 |
| 906 ## - LOCAL DATA ELEMENT F, LDF (RLIN) | |
| a | 7 |
| b | cbc |
| c | copycat |
| d | 3 |
| e | ncip |
| f | 20 |
| g | y-gencatlg |
| 942 ## - ADDED ENTRY ELEMENTS (KOHA) | |
| Source of classification or shelving scheme | |
| Koha item type | Book |
| Withdrawn status | Lost status | Source of classification or shelving scheme | Damaged status | Not for loan | Collection code | Permanent Location | Current Location | Shelving location | Date acquired | Total Checkouts | Full call number | Barcode | Date last seen | Copy number | Price effective from | Koha item type |
|---|---|---|---|---|---|---|---|---|---|---|---|---|---|---|---|---|
| Central Library (CL) | Central Library (CL) | Book Cart | 10/31/2018 | 327.51059 SWA | CL-D-62 | 02/02/2025 | 1 | 10/31/2018 | Book |
